Villes Biélorussienes les plus grandes - Statistiques

Statistiques générales
  • Ce quiz a été pris 53 fois
  • Le résultat moyen est 5 sur 20
Statistiques - réponses
Population Ville de Biélorussie % Correct
1 959 781 Minsk
100%
340 141 Brest
71%
521 452 Homiel
47%
368 574 Vitebsk
44%
365 610 Hrodna
33%
378 077 Mahiliow
31%
116 552 Orcha
27%
138 415 Pinsk
27%
217 975 Babrouïsk
22%
112 003 Mazyr
22%
179 122 Baranavitchy
20%
100 443 Lida
20%
143 919 Baryssaw
18%
106 503 Salihorsk
13%
102 394 Navapolatsk
9%
85 078 Polatsk
9%
75 956 Jlobine
7%
94 922 Maladzietchna
4%
66 172 Retchytsa
4%
69 011 Svetlahorsk
4%
Aucun quiz correspondant
Distribution des résultats
% des personnes avec chaque résultat
Percentile par nombre de réponses
Votre historique - résultats
Vous n’avez pas pris ce quiz